000 00928nas a2200325 4500
001 BR0905104
003 BR-BrBNA
005 20231205113605.0
007 ta
008 230509b bl.|||p| |||| 00| 00por d
040 _aBR-BrBNA
_bpor
_cBiblioteca Nacional de Agricultura
041 _a(Pt)
072 _aL70
100 1 _aZimmermann, M.
100 1 _aRaiser, A.G.
100 1 _aBarbosa, A.L. da T.
100 1 _aNovosad, D.
100 1 _aSteffen, R.P.B.
100 1 _aLukarsewsk, R.
100 1 _aSilva, M.S. da
100 1 _aLindinger, R.
100 1 _aPastore Júnior, F.
245 1 _aTeste de biocompatibilidade e resistência de membranas de látex em cães
650 _aCÃO
650 _aCIRURGIA
650 _aLÁTEX
773 0 _tCiência Rural (Brazil)
_xISSN 0103-8478
_g(Nov-Dec 2007), v. 37(6) p. 1719-1723
_wBR0905104
909 _a202311
_bLúcia
_c55
_dLúcia Elande
942 _2AGRIS
_n0
_cANA
999 _c204604
_d204604